Представление документа в формате MARC21

Поле Инд. ПП Название Значение
Тип записи a
Библиографический уровень b
001 Контрольный номер RU/IS/BASE/440604180
005 Дата корректировки 20200629065914.5
008 Кодируемые данные 20131217
040 b Код языка каталог. rus
e Правила каталог. PSBO
041 0_ a Код языка текста rus
084 a Индекс другой классификации/Индекс ББК 87.25; 60.80
100 1_ a Автор Новиков Д. А.
q Полное имя Новиков Дмитрий Александрович
100 1_ a Автор Русяева Е. Ю.
q Полное имя Русяева Елена Юрьевна
245 10 a Заглавие Философия управления
504 a Библиография Библиогр. - Примеч.: с. 25 - 26
520 0_ a Аннотация Проведен анализ ключевых понятий и соотношений разделов научных дисциплин: философии управления (раздела философии, исследующего общие проблемы теории и практики управления), кибернетики (раздела об управлении, обобщающего методы и результаты решения теоретических задач управления) и "философии" менеджмента (раздела науки об управлении, обобщающего опыт успешной практической управленческой деятельности)
650 14 a Основная рубрика социальное управление
a Основная рубрика философия
a Основная рубрика философия науки
653 1_ a Ключевые слова кибернетика
a Ключевые слова менеджмент (управление предприятием)
a Ключевые слова наука управления
a Ключевые слова управление
a Ключевые слова управленческая деятельность
a Ключевые слова философия управления
773 08 t Заглавие источника Вопросы философии
d Дата издания источника 2013
g Прочая информация № 5. - С. 19 - 26
w Контрольный № источника RU/IS/BASE/424277693
901 t Тип документа b